[Event "Landesliga Sued 1819"]
[Site "Bayern"]
[Date "2018.12.16"]
[Round "4.5"]
[White "Vogel, Johannes"]
[Black "Giss, Arthur"]
[Result "1-0"]
[WhiteElo "2112"]
[BlackElo "2034"]
[PlyCount "51"]
[EventDate "2018.10.21"]
[EventType "team-tourn"]
[EventRounds "9"]
[EventCountry "GER"]
[SourceTitle "EXT 2022"]
[Source "ChessBase"]
[SourceDate "2021.10.06"]
[SourceVersion "1"]
[SourceVersionDate "2021.10.06"]
[SourceQuality "1"]
[WhiteTeam "Haunstetten TSV"]
[BlackTeam "Dillingen"]
[WhiteTeamCountry "GER"]
[BlackTeamCountry "GER"]

1. d4 Nf6 2. c4 e6 3. Nf3 b6 4. g3 Bb7 5. Bg2 Be7 6. 0-0 c6 7. Nc3 d5 8. Qc2 Nbd7 9. Rd1 0-0 10. e4 g6 11. Bh6 Re8 12. e5 Nh5 13. h4 Ng7 14. Bh3 Nf8 15. Qe2 Nf5 16. Bg5 Ba6 17. b3 Qc7 18. Qd2 Rad8 19. Rac1 Qb7 20. cxd5 exd5 21. Bxf5 gxf5 22. Bf6 Ne6 23. Qh6 Bf8 24. Qh5 Ng7 25. Qg5 h5 26. Qh6 1-0

[Event "Oberliga Sued W 1718"]
[Site "Germany"]
[Date "2018.01.21"]
[Round "7.3"]
[White "Michels, Achim"]
[Black "Vogel, Johannes"]
[Result "1-0"]
[WhiteElo "2160"]
[BlackElo "2124"]
[PlyCount "77"]
[EventDate "2017.09.10"]
[EventType "team-tourn"]
[EventRounds "11"]
[EventCountry "GER"]
[SourceTitle "EXT 2019"]
[Source "ChessBase"]
[SourceDate "2018.10.10"]
[SourceVersion "1"]
[SourceVersionDate "2018.10.10"]
[SourceQuality "1"]
[WhiteTeam "Gau Algesheim"]
[BlackTeam "Landau"]
[WhiteTeamCountry "GER"]
[BlackTeamCountry "GER"]

1. d4 d5 2. c4 c6 3. Nf3 Nf6 4. e3 e6 5. Bd3 Nbd7 6. 0-0 Bd6 7. Nc3 0-0 8. e4 dxc4 9. Bxc4 e5 10. Bg5 Qe7 11. Re1 Rd8 12. d5 Nb6 13. Bb3 Bb4 14. Re3 h6 15. Bh4 Bg4 16. h3 Bxf3 17. Qxf3 g5 18. Bg3 Bxc3 19. bxc3 cxd5 20. exd5 e4 21. d6 Qxd6 22. Bxd6 exf3 23. Be7 Nfd5 24. Bxd8 Nxe3 25. Bxb6 Nxg2 26. Bd4 Nf4 27. Kh2 Ne2 28. Rd1 b5 29. Rd3 Rd8 30. Rxf3 Nxd4 31. cxd4 Rd7 32. Rf5 Rb7 33. Kg3 a5 34. Kf3 a4 35. Bd1 Kg7 36. Bc2 f6 37. Rc5 b4 38. d5 Kf7 39. Rc6 1-0

[Event "Pfalz op 03rd"]
[Site "Neustadt an der Weinstrasse"]
[Date "2012.03.03"]
[Round "8"]
[White "Schreck, Alexander"]
[Black "Vogel, Johannes"]
[Result "0-1"]
[WhiteElo "1918"]
[BlackElo "2102"]
[PlyCount "36"]
[EventDate "2012.02.17"]
[EventType "swiss"]
[EventRounds "9"]
[EventCountry "GER"]
[SourceTitle "EXT 2013"]
[Source "ChessBase"]
[SourceDate "2012.11.22"]
[SourceVersion "1"]
[SourceVersionDate "2012.11.22"]
[SourceQuality "1"]

1. e4 e5 2. Nf3 Nc6 3. Bc4 Nf6 4. d3 Be7 5. c3 d6 6. h3 a6 7. a4 0-0 8. 0-0 d5 9. exd5 Nxd5 10. Re1 Bf6 11. Qc2 Bf5 12. Nbd2 Nb6 13. Re3 Nxc4 14. Nxc4 Qd5 15. Qe2 Rfe8 16. Bd2 Rad8 17. Nfxe5 Nxe5 18. f4 Bxd3 0-1

[Event "Pfalz op 03rd"]
[Site "Neustadt an der Weinstrasse"]
[Date "2012.02.17"]
[Round "1"]
[White "Vogel, Johannes"]
[Black "Gschnitzer, Oswald"]
[Result "0-1"]
[WhiteElo "2102"]
[BlackElo "2466"]
[PlyCount "50"]
[EventDate "2012.02.17"]
[EventType "swiss"]
[EventRounds "9"]
[EventCountry "GER"]
[SourceTitle "EXT 2013"]
[Source "ChessBase"]
[SourceDate "2012.11.22"]
[SourceVersion "1"]
[SourceVersionDate "2012.11.22"]
[SourceQuality "1"]

1. e4 c5 2. Nf3 d6 3. d4 cxd4 4. Nxd4 Nf6 5. Nc3 Nc6 6. Be2 e5 7. Nb3 Be7 8. Be3 0-0 9. g4 Be6 10. g5 Nd7 11. Qd2 a5 12. Na4 Rc8 13. Bb5 f5 14. gxf6 Nxf6 15. Bb6 Qe8 16. Qe2 Qg6 17. Bxc6 bxc6 18. f3 Nd7 19. 0-0-0 Qf7 20. Bxa5 Ra8 21. Qd2 Ra6 22. Rhg1 Rfa8 23. Rg2 Bxb3 24. axb3 Rxa5 25. Rdg1 Bf8 0-1

[Event "Rhein Main op 12th"]
[Site "Bad Homburg"]
[Date "2009.06.14"]
[Round "7"]
[White "Froehlich Dill, Astrid"]
[Black "Vogel, Johannes"]
[Result "1/2-1/2"]
[WhiteElo "1976"]
[BlackElo "2078"]
[PlyCount "118"]
[EventDate "2009.06.10"]
[EventType "swiss"]
[EventRounds "7"]
[EventCountry "GER"]
[SourceTitle "CBM 131 Extra"]
[Source "ChessBase"]
[SourceDate "2009.09.03"]
[SourceVersion "2"]
[SourceVersionDate "2009.09.16"]
[SourceQuality "1"]

1. d4 d5 2. c4 e5 3. cxd5 Qxd5 4. Nf3 e4 5. Nc3 Bb4 6. Nd2 Qxd4 7. e3 Qd7 8. Ncxe4 Ne7 9. Bc4 Qf5 10. 0-0 0-0 11. a3 Bxd2 12. Nxd2 Nbc6 13. b4 Rd8 14. Qb3 Ne5 15. e4 Qh5 16. f4 Nxc4 17. Qxc4 Nc6 18. Nf3 Bg4 19. Bb2 a6 20. Qc3 Qh6 21. h3 Bxf3 22. Rxf3 Nd4 23. Rf2 Qc6 24. Qe3 Qb6 25. Qe1 f6 26. Kh1 Nb3 27. Rb1 Rd3 28. e5 Re8 29. Re2 Qc6 30. Kh2 fxe5 31. Bxe5 Nd4 32. Bxd4 Rxe2 33. Qxe2 Rxd4 34. Rc1 Re4 35. Rxc6 Rxe2 36. Rxc7 Ra2 37. Rc3 b6 38. Kg3 a5 39. Kf3 axb4 40. axb4 Rb2 41. Rc4 h5 42. f5 g6 43. fxg6 Kg7 44. g3 b5 45. Rd4 Kxg6 46. h4 Kf6 47. Ke4 Rb3 48. Kd5 Rxg3 49. Kc5 Rg4 50. Rd6+ Ke7 51. Rh6 Rxh4 52. Kxb5 Kd7 53. Kc5 Rh1 54. Rh7+ Ke6 55. b5 Kf5 56. b6 Kg4 57. Rd7 Rc1+ 58. Kb5 Rb1+ 59. Kc5 h4 1/2-1/2